000
00307nam a2200133Ia 4500
100
_a
Gillett/B.E
942
_c
BK
654
_a
Operations Research
245
_a
Introduction To Operations Research
260
_b
Tata McGraw Hill
_a
New Delhi
_c
1986
082
_a
519.4
300
_a
617
546
_a
ENGLISH
999
_c
24071
_d
24071